header

Manyoshu (Record no. 12862)

MARC details
000 -LEADER
fixed length control field 01400nam a2200337Ia 4500
082 04 - DEWEY DECIMAL CLASSIFICATION NUMBER
Classification number 895.6
245 10 - TITLE STATEMENT
Title Manyoshu
260 ## - PUBLICATION, DISTRIBUTION, ETC. (IMPRINT)
Place of publication Folkestone, Kent, U.K. :
Name of publisher Global Oriental,
Year of publication 2009.
300 ## - PHYSICAL DESCRIPTION
Number of Pages xvii, 219 p.
650 #0 - SUBJECT ADDED ENTRY--TOPICAL TERM
Topical Term Japanese poetry
700 1# - ADDED ENTRY--PERSONAL NAME
Personal name Vovin, Alexander.
856 40 - ELECTRONIC LOCATION AND ACCESS
Uniform Resource Identifier http://site.ebrary.com/lib/rucke/Doc?id=10684536

No items available.

© 2026 Rongo University
Contact us: librarian | system librarian | Rongo university